000 00348nam a2200145Ia 4500
003 OSt
005 20231209102608.0
008 170524s9999 xx 000 0 und d
020 _a9788122308433
040 _cIIMT UNIVERSITY
100 _aNEOGY- J.L
245 0 _aRAPIDEX COMPUTER COURSE WINDOW 98
260 _bPUSTAK MAHAL PUB.
942 _2ddc
_c02
999 _c8236
_d8236